000
00287nam a22001337a 4500
003
SGT
020
_a
978-1-4051-9474-7
082
_a
618.92
_b
P11R
100
_a
RUDOLF, MARY
245
_a
PEDIATRICS AND CHILD HEALTH
260
_a
UK
_b
WILEY
_c
2011
300
_a
486
942
_2
ddc
_c
BK
999
_c
15186
_d
15186